Central Library OPAC University of Rajshahi

ভারতাত্মা শ্রীকৃষ্ণ / (Record no. 40580)

MARC details
000 -LEADER
fixed length control field 00811nam a2200217 a 4500
001 - CONTROL NUMBER
control field 40580
003 - CONTROL NUMBER IDENTIFIER
rucl marc code BD-RjUL
005 - DATE AND TIME OF LATEST TRANSACTION
control field 20211209053238.0
008 - FIXED-LENGTH DATA ELEMENTS--GENERAL INFORMATION
fixed length control field 160504s1971 ii a|||| |||| 00| 0 ben d
035 ## - SYSTEM CONTROL NUMBER
System control number (BD-RjUL)40695
040 ## - CATALOGING SOURCE
Original cataloging agency BD-RjUL
Language of cataloging ben
Transcribing agency BD-RjUL
041 ## - LANGUAGE CODE
Language code of text/sound track or separate title ben
082 ## - DEWEY DECIMAL CLASSIFICATION NUMBER
Edition number 23
Classification number 294.5211
Author mark and year SEB 1971
100 ## - MAIN ENTRY--PERSONAL NAME
Personal name সেন, সুধা
9 (RLIN) 124884
245 10 - TITLE STATEMENT
Title ভারতাত্মা শ্রীকৃষ্ণ /
Statement of responsibility, etc. সুধা সেন
260 ## - PUBLICATION, DISTRIBUTION, ETC. (IMPRINT)
Place of publication, distribution, etc. কলিকাতা :
Name of publisher, distributor, etc. শ্রীশ্রীঅক্ষয়ধর্ম-মহাসভা,
Date of publication, distribution, etc. ১৯৭১
300 ## - PHYSICAL DESCRIPTION
Pagination [১৮], ৩২৮ পৃ. :
Illustrations চিত্র ;
Size ২২ সেমি.
650 ## - SUBJECT ADDED ENTRY--TOPICAL TERM
Topical term or geographic name as entry element কৃষ্ণ
General subdivision হিন্দু দেবতা
9 (RLIN) 124885
Topical term or geographic name as entry element Krishna
General subdivision Hindu deity
9 (RLIN) 124886
942 ## - ADDED ENTRY ELEMENTS (KOHA)
Source of classification or shelving scheme Dewey Decimal Classification
Koha item type Books
Holdings
Lost status Source of classification or shelving scheme Damaged status Not for loan Collection code Permanent Location Current Location Shelving location Date acquired Source of acquisition Total Checkouts Full call number Date last seen Copy number Koha item type Cost, normal purchase price
  Dewey Decimal Classification     Non-fiction Central Library, University of Rajshahi Central Library, University of Rajshahi   04/09/1973 Presented by Indian Govt.   B 294.5211 SEB 1971 04/05/2016 C-2 Books  
  Dewey Decimal Classification   Not For Loan Non-fiction Central Library, University of Rajshahi Central Library, University of Rajshahi Reading Room 05/11/1974 Jonathan waren and sons.   B 294.5211 SEB 1971 06/12/2016 C-1 Books 10.00